00345nam a2200145Ia 4500008004100000041000800041082001600049100001300065245003700078260001900115300002600134365001600160500001000176700001300186230718s9999 xx 000 0 und d aeng a621.38bMOT aMotorola aPower Mosfet Transistor Databook c1988bMotorola a489dRef 133 E (5484) cRs.b250.00 a133 E aMotorola